| 000 | 00846nam a2200301Ia 4500 | ||
|---|---|---|---|
| 001 | 2225 | ||
| 003 | IT-RoPAU | ||
| 008 | 130308s9999 xx 000 0 und d | ||
| 040 | _aIT-RoPAU | ||
| 040 | _cIT-RoPAU | ||
| 041 | _aSPAGNOLO | ||
| 100 | _aKlapper Joseph T. | ||
| 100 | _gCodice Aut. SPICS: 5074 | ||
| 245 | _aEfectos sociales de la comunicacion de masas (Los) | ||
| 245 | _bCiencia de la comunicacion humana (La) | ||
| 250 | _a1a ed. | ||
| 260 | _aMEXICO | ||
| 260 | _bRoble | ||
| 260 | _c1966 [1° Ed.:1966 - Ed.Ling.Originale:1963] | ||
| 300 | _a"12 p. (prefazione: no ; testo: 12 [pagine: 73-84])" | ||
| 500 | _aEffetti Sociali della Comunicazione di Massa | ||
| 650 | _aTEORIA DELLA COMUNICAZIONE SOCIALE | ||
| 650 | _eCodice materia Spics: 3802 | ||
| 942 | _cBK | ||
| 957 | _71 | ||
| 999 |
_c43492 _d43492 |
||
| 999 | _bSI | ||
| 999 | _g1 | ||